Spell the Marvel Character #338 - Statistics

General Stats
  • This quiz has been taken 14 times
  • The average score is 12 of 16
Answer Stats
Picture Answer % Correct
Iron Man
100%
Thor
100%
Gwenpool
92%
Nick Fury
92%
Goose
85%
Invisible Woman
85%
Lockheed
85%
Gamora
77%
Iceman
77%
Lockjaw
77%
Nightcrawler
77%
Ikaris
69%
Living Lightning
69%
Nightmask
54%
Vindicator
46%
Human Robot
38%
No matching quizzes found
Score Distribution
Percent of People with Each Score
Percentile by Number Answered
Your Score History
You have not taken this quiz